00645nam a2200169 a 450000100100000000500170001000800410002704000250006810000310009324500380012424600380016226000440020030000360024450400730028095201050035399900170045800004277120201002040403.0140207s1968 it ac 000 0 spa d aDO-SdBNPbspacBNPHU1 aCervante, Miguel de97011310aI GIGANTI :bMiguel de Cervantes.10aUn giganti :bMiguel de Cervantes a[Italia] :bPeriodici Mondadori,c1968. a132 p. :bil., retrs. ;c23 cm. aIncluye referencias bibliográficas y notas al pie de las páginas 001050718MOaGRbGRcCTd2014-02-07iLF1l0o p42771-10r2020-06-25w2020-06-25y1ZNo se presta c42260d42260